Sports Quiz

Random Sports or NFL Quiz

NFL Leaders (2008) Quiz Stats

 Plays Quiz Updated Dec 6, 2018

Support Sporcle.
Go Orange.
Score 0/21 Timer 05:00
3 Plays Today
Category Leader % Correct
Passing CompletionsDrew Brees
92.2%
Passing YardsDrew Brees
85%
Passing TDsDrew Brees and Philip Rivers
84.8%
Rushing YardsAdrian Peterson
73.2%
Passing InterceptionsBrett Favre
67.7%
QB RatingPhilip Rivers
61.8%
Receiving TDsLarry Fitzgerald and Calvin Johnson
56.8%
Receiving YardsAndre Johnson
53.1%
ReceptionsAndre Johnson
50.8%
Rushing TDsDeAngelo Williams
34.9%
SacksDeMarcus Ware
32%
Category Leader % Correct
Defensive TDsEd Reed and Nick Collins
27%
Passing %Chad Pennington
26.8%
InterceptionsEd Reed
25.5%
Total TouchdownsDeAngelo Williams
20.8%
Longest Field GoalSebastian Janikowski and Nate Kaeding
18.4%
Field Goals MadeStephen Gostkowski
15%
Forced FumblesJames Harrison
11.3%
TacklesD'Qwell Jackson
6.5%
Kick Return TDsJustin Miller
3.1%
Kick Return YardsJosh Wilson
2.1%

From the Vault

Stage Musicals

by babymonkee

It takes a lot of talent to sing, dance, act, and hopefully remember to breathe all at the same time.
Remove Ads.
Support Sporcle.
Get the best of Sporcle when you Go Orange. This ad-free experience offers more features, more stats, and more fun while also helping to support Sporcle. Thank you for becoming a member.

Show Comments

Extras

Top Quizzes Today


Score Distribution

Your Account Isn't Verified!

In order to create a playlist on Sporcle, you need to verify the email address you used during registration. Go to your Sporcle Settings to finish the process.

Report this User

Report this user for behavior that violates our Community Guidelines.

Details: